00454 a2200169 450000100060000002000060000604000370001210000300004924000250007924500200010430000070012436200090013165000310014094200070017195200890017899900170026772715 a  cAnchieta - Colégio São Paulo aMaia, Ana Isabelle Aguiar10aPensando bem...lpor10aPensando bem... a240 a2003 4aLiteratura infanto-juvenil cBK 00104070a88.1b88.1d2023-11-22l0p2425/CSPr2023-11-22 14:29:11w2023-11-22yBK c72715d72715